Investments in Education as an Instrument for Alleviating Income Inequality
Investície do vzdelávania ako nástroj znižovania príjmovej nerovnosti. Makro a mikroekonomické prínosy investovania do vzdelávania. Alternatívne formy financovania vzdelávania. Opatrenia na zmeny v prístupe k financovaniu vzdelávania, ktoré z dlhodobého hľadiska odstraňujú príjmovú nerovnosť obyvate...
Saved in:
| Main Author: | |
|---|---|
| Other Authors: | , |
| Format: | Book Chapter |
| Language: | English |
| Subjects: | |
| Tags: |
No Tags, Be the first to tag this record!
|
MARC
| LEADER | 00000naa a2200000 4500 | ||
|---|---|---|---|
| 001 | 0209615 | ||
| 005 | 20240502083523.6 | ||
| 041 | 0 | |a eng | |
| 044 | |a UA | ||
| 245 | 1 | 0 | |a Investments in Education as an Instrument for Alleviating Income Inequality |c Dária Rozborilová, Veronika Piovarčiová, Marta Martincová |
| 520 | |a Investície do vzdelávania ako nástroj znižovania príjmovej nerovnosti. Makro a mikroekonomické prínosy investovania do vzdelávania. Alternatívne formy financovania vzdelávania. Opatrenia na zmeny v prístupe k financovaniu vzdelávania, ktoré z dlhodobého hľadiska odstraňujú príjmovú nerovnosť obyvateľstva a znižujú sociálnu inklúziu. | ||
| 610 | 2 | 0 | |a vzdelávanie |
| 610 | 2 | 0 | |a investície |
| 610 | 2 | 0 | |a financovanie |
| 610 | 2 | 0 | |a financie |
| 610 | 2 | 0 | |a príjmy |
| 610 | 2 | 0 | |a nerovnosť |
| 610 | 2 | 0 | |a vylúčenie sociálne |
| 100 | 1 | |a Rozborilová, Dária | |
| 700 | 1 | |a Piovarčiová, Veronika, 1951- | |
| 700 | 1 | |a Martincová, Marta, 1955- | |